| 000 | 00393nam a2200145Ia 4500 | ||
|---|---|---|---|
| 008 | 210210b1966 xxu||||| |||| 00| 0 eng d | ||
| 082 | _a374 DUTN | ||
| 100 | _aDUTTA (S C). | ||
| 245 | _aNew trends in adult education in India. | ||
| 260 |
_aNew Delhi. _bIndian Adult Education Association., _c1966 |
||
| 300 | _av,50 | ||
| 650 | _aAdult Education | ||
| 690 | _aEducation | ||
| 906 | _aSG01257 | ||
| 999 |
_c112871 _d112871 |
||